Lowlands : (Record no. 547802)
[ view plain ]
| 000 -LEADER | |
|---|---|
| fixed length control field | 00805cam a2200229 a 4500 |
| 020 ## - INTERNATIONAL STANDARD BOOK NUMBER | |
| International Standard Book Number | 9054106034 |
| 082 00 - DEWEY DECIMAL CLASSIFICATION NUMBER | |
| Classification number | 627 |
| Author Mark | LOW |
| -- | L-37, P-121 |
| 100 ## - MAIN ENTRY--PERSONAL NAME | |
| Personal name | Miura. N |
| 9 (RLIN) | 43927 |
| 245 00 - TITLE STATEMENT | |
| Title | Lowlands : |
| Remainder of title | development and management / |
| Statement of responsibility, etc. | edited by Norihiko Miura, Madhira R. Madhav, Kenichi Koga. |
| 260 ## - PUBLICATION, DISTRIBUTION, ETC. | |
| Place of publication, distribution, etc. | Rotterdam ; |
| -- | Brookfield, VT : |
| Name of publisher, distributor, etc. | A.A. Balkema, |
| Date of publication, distribution, etc. | c1994. |
| 300 ## - PHYSICAL DESCRIPTION | |
| Extent | xii, 485 p. : |
| Other physical details | ill., maps ; |
| Dimensions | 26 cm. |
| 526 ## - STUDY PROGRAM INFORMATION NOTE | |
| Program name | 0 |
| Interest level | 0 |
| Reading level | 0 |
| Title point value | 627_000000000000000_LOW |
| 650 #0 - SUBJECT ADDED ENTRY--TOPICAL TERM | |
| Topical term or geographic name entry element | Coast changes. |
| 9 (RLIN) | 43928 |
| 650 #0 - SUBJECT ADDED ENTRY--TOPICAL TERM | |
| Topical term or geographic name entry element | Coastal zone management. |
| 9 (RLIN) | 43929 |
| 650 #0 - SUBJECT ADDED ENTRY--TOPICAL TERM | |
| Topical term or geographic name entry element | Coasts. |
| 9 (RLIN) | 43930 |
| 650 #0 - SUBJECT ADDED ENTRY--TOPICAL TERM | |
| Topical term or geographic name entry element | MCE |
| 9 (RLIN) | 379 |
| 700 1# - ADDED ENTRY--PERSONAL NAME | |
| Personal name | Koga, Kenichi. |
| 9 (RLIN) | 43931 |
| 700 1# - ADDED ENTRY--PERSONAL NAME | |
| Personal name | Madhav, Madhira R. |
| 9 (RLIN) | 43932 |
| 700 1# - ADDED ENTRY--PERSONAL NAME | |
| Personal name | Miura, Norihiko. |
| 9 (RLIN) | 43933 |
| 856 42 - ELECTRONIC LOCATION AND ACCESS | |
| Uniform Resource Identifier | <a href="http://www.loc.gov/catdir/enhancements/fy0916/99225806-d.html">http://www.loc.gov/catdir/enhancements/fy0916/99225806-d.html</a> |
| 942 ## - ADDED ENTRY ELEMENTS (KOHA) | |
| Source of classification or shelving scheme | |
| Koha item type | Book |
| Withdrawn status | Lost status | Source of classification or shelving scheme | Damaged status | Not for loan | Permanent Location | Current Location | Date acquired | Total Checkouts | Full call number | Barcode | Date last seen | Price effective from | Koha item type |
|---|---|---|---|---|---|---|---|---|---|---|---|---|---|
| Military College of Engineering (MCE) | Military College of Engineering (MCE) | 08/07/2014 | 627 LOW | MCE-28834 | 08/07/2014 | 08/07/2014 | Book |
